| 000 | 00528nam a2200193Ia 4500 | ||
|---|---|---|---|
| 008 | 230125s9999 xx 000 0 und d | ||
| 020 | _a1-84112-246-7 | ||
| 041 | _aeng | ||
| 082 |
_a658 _bCAR |
||
| 100 | _aCartwright R | ||
| 245 | _aManaging Diversity | ||
| 260 |
_c2002 _bCapstone publication _aLondon |
||
| 300 | _a116p | ||
| 440 |
_aEssential Management Thinking At Your Fingertips Series _9107434 |
||
| 500 | _aSeries Book;People Series Book | ||
| 700 | _aCartwright R | ||
| 906 | _b24 | ||
| 999 |
_c88162 _d88162 |
||